| 000 | 00781ntm a22002657a 4500 | ||
|---|---|---|---|
| 005 | 20220127111852.0 | ||
| 008 | 160311b xxu||||| |||| 00| | spa d | ||
| 020 | _a9780764145193 | ||
| 041 | _aeng | ||
| 082 | _a428.3 H341i | ||
| 100 |
_aHarvey, William C. _96882 |
||
| 245 | _aInglés para el lugar de trabajo = English for the workplace | ||
| 260 |
_aEstados Unidos _bBarron´s _c2011 |
||
| 300 | _a266 páginas | ||
| 505 | _aContiene disco compacto N 743 | ||
| 650 |
_aINGLÉS ENSEÑANZA _91244 |
||
| 650 |
_aEJERCICIOS DE PRONUNCIACIÓN _96883 |
||
| 650 |
_aDIÁLOGOS _96884 |
||
| 650 |
_aENTREVISTAS _9536 |
||
| 650 |
_aVOCABULARIO _94737 |
||
| 650 |
_aCURRICULUM _95294 |
||
| 650 |
_aVERBOS IRREGULARES _96885 |
||
| 650 |
_aINFINITIVOS VERBALES _96886 |
||
| 942 | _cBK | ||
| 999 |
_c7831 _d7831 |
||